MARC

LEADER 00000nam a2200000Ia 4500
001 22240
003 BGR
005 20260324175803.0
008 160829s2003 xx 000 0 cat d
080 |a C-3-257 
245 |a Project AC_T_E :  |b  ACtion Territoriale por l'Emploi 
260 |a Barcelona :  |b Diputació de Barcelona,  |c 2003 
300 |a 410 p.:  |b  gràf. ;  |c 24 cm 
590 |a Hi ha un exemplar en castellà amb R. 16992, anglès amb R. 22239 i italià amb R. 22241 
650 |a Proyecto AC_T_E, Acción Territorial por el Empleo   |9 39583 
650 |a Indústria tèxtil  |x Europa  |9 39584 
710 1 |a Barcelona (Catalunya : Província).  |b Diputació  |9 52408 
710 2 |a Asociación de Colectividades Textiles Europeas (ACTE)   |9 70498 
901 |a Arxiu 
942 |n 1  |2 udc  |c MON 
952 |0 0  |1 0  |4 0  |6 C3257  |7 1  |9 50153  |a Arxiu  |b Arxiu  |d 2016-12-01  |l 0  |o C-3-257  |p 22240  |r 2016-12-01 00:00:00  |w 2016-12-01  |y ARXIU 
999 |c 53995  |d 53995